LEADER 00957nam0-22003131i-450 001 990007113090403321 005 20180620140551.0 010 $a88-244-9813-2 035 $aFED01000711309 035 $a(Aleph)000711309FED01 035 $a000711309 100 $a20020904d2001----km-y0itay50------ba 101 0 $aita 102 $aIT 105 $ay---n---001yy 200 1 $aCodice di procedura penale e leggi complementari$eaggiornato alle nuove norme in materia di collaboratori di giustizia...$fa cura di Giustino Gatti 210 $aNapoli$cEdizioni Giuridiche Simone$d2001 215 $a880 p.$d24 cm 225 1 $aCodici Simone$v501 676 $a345.050 263 2$v21$zita 702 1$aGatti,$bGiustino 710 01$aItalia$0423419 801 0$aIT$bUNINA$gRICA$2UNIMARC 901 $aBK 912 $a990007113090403321 952 $aXVIII 230 (501)$b13174*$fFGBC 959 $aFGBC 996 $aCodice di procedura penale$9200118 997 $aUNINA LEADER 00932nam a22002411i 4500 001 991000113269707536 005 20040722163357.0 008 040802s2002 fr |||||||||||||||||fre 035 $ab13178805-39ule_inst 035 $aARCHE-113141$9ExL 040 $aBiblioteca Interfacoltà$bita$cA.t.i. Arché s.c.r.l. Pandora Sicilia s.r.l. 082 04$a809.8928 245 02$aL'invention du roman pour la jeunesse au XIXe siècle 260 $aParis :$bDidier Érudition,$c2002 300 $a1 v. ;$c24 cm 440 0$aRevue de littérature comparée 650 4$aLetteratura per ragazzi 907 $a.b13178805$b02-04-14$c05-08-04 912 $a991000113269707536 945 $aLE002 SP 840/304$g1$i2002000374912$lle002$nC. 1$o-$pE0.00$q-$rl$so $t0$u0$v0$w0$x0$y.i13819525$z05-08-04 996 $aInvention du roman pour la jeunesse au XIXe siècle$9313127 997 $aUNISALENTO 998 $ale002$b05-08-04$cm$da $e-$ffre$gfr $h2$i1 LEADER 03578nam 2200673 a 450 001 9910970209503321 005 20251117094605.0 010 $a1-56347-987-7 010 $a1-56347-986-9 035 $a(CKB)2550000000073166 035 $a(EBL)3111574 035 $a(OCoLC)922978625 035 $a(SSID)ssj0000551842 035 $a(PQKBManifestationID)12168777 035 $a(PQKBTitleCode)TC0000551842 035 $a(PQKBWorkID)10538610 035 $a(PQKB)11432753 035 $a(Au-PeEL)EBL3111574 035 $a(CaPaEBR)ebr10516678 035 $a(MiAaPQ)EBC3111574 035 $a(BIP)27044220 035 $a(EXLCZ)992550000000073166 100 $a20090402d2009 uy 0 101 0 $aeng 135 $aurcn||||||||| 181 $ctxt 182 $cc 183 $acr 200 00$aOut of this world $ethe new field of space architecture /$fedited by A. Scott Howe and Brent Sherwood 205 $a1st ed. 210 $aReston, Va. $cAmerican Institute of Aeronautics and Astronautics, Inc.$dc2009 215 $a1 online resource (432 p.) 225 1 $aLibrary of flight 300 $aDescription based upon print version of record. 311 08$a1-56347-982-6 320 $aIncludes bibliographical references and index. 327 $apt. 1. Introduction to space architecture -- pt. 2. Introduction to space architecture -- pt. 3. Planet surface architecture -- pt. 4. Earth-based space architecture. 330 $aThis collaborative book compiles thirty chapters on the theory and practice of designing and building inhabited environments in outer space. Given the highly visual nature of architecture, the book is rich in graphics including diagrams, design drawings, digital renderings, and photographs of models and of executed and operational designs. Written by the global network of practicing space architects, the book introduces a wealth of ideas and images explaining how humans live in space now, and how they may do so in the near and distant future. It describes the governing constraints of the hostile space environment, outlines key issues involved in designing orbital and planet-surface architecture, surveys the most advanced space architecture of today, and proposes far-ranging designs for an inspiring future. It also addresses earth-based space architecture: space analogue and mission support facilities, and terrestrial uses of space technology. In addition to surveying the range of space architecture design, from sleeping quarters to live-in rovers to moon bases and space cities, the book provides a valuable archival reference for professionals.Space enthusiasts, architects, aerospace engineers, and students will find it a fascinating read. 410 0$aLibrary of flight. 606 $aSpace stations$xDesign and construction 606 $aExtraterrestrial bases$xDesign and construction 606 $aLarge space structures (Astronautics)$xDesign and construction 606 $aDomestic space 606 $aArchitecture, Industrial 615 0$aSpace stations$xDesign and construction. 615 0$aExtraterrestrial bases$xDesign and construction. 615 0$aLarge space structures (Astronautics)$xDesign and construction. 615 0$aDomestic space. 615 0$aArchitecture, Industrial. 676 $a629.47 701 $aHowe$b A. Scott$01863175 701 $aSherwood$b Brent$01863176 801 0$bMiAaPQ 801 1$bMiAaPQ 801 2$bMiAaPQ 906 $aBOOK 912 $a9910970209503321 996 $aOut of this world$94469679 997 $aUNINA